Mvrk - Pórtate Bien ! Todas las canciones - Estadísticas

Estadísticas generales
  • Esta prueba ha sido intentada 29 veces
  • La puntuación promedio es 9 de 18
Estadísticas de respuestas
Respuesta % Correcto
DAMN
86%
byeBYE
71%
Linda Vida Pls Behave
71%
Apretar +
64%
Suena COOL
64%
YOTMB
64%
CONFÍO DE +
57%
Dos Caras
57%
Facetime!
57%
Warning
57%
MEFUI
50%
tú sabes
43%
Auxilio
36%
NoSTOi
36%
Fell In Love
29%
Tenía FE
29%
zigzag
29%
FOOL; Interludio
14%
No se encontraron pruebas coincidentes
Distribución de puntuación
Porcentaje de gente con cada puntuación
Porcentaje por número respondido
Historial de tus puntuaciones
No has intentado esta prueba.